[Event "30th ECh U20"]
[Site "Baku AZE"]
[Date "2002.07.21"]
[Round "8"]
[White "Chkhaidze, Nikoloz"]
[Black "Davidov, Samir"]
[Result "1-0"]
[WhiteElo "2138"]
[BlackElo "2248"]
[EventDate "2002.07.14"]
[PlyCount "135"]

1.e4 e5 2.Nf3 Nc6 3.Bb5 a6 4.Ba4 Nf6 5.O-O Be7 6.Re1 O-O 7.Bxc6 dxc6 8.
Nxe5 c5 9.d3 Re8 10.Nd2 Bd6 11.Nef3 Bg4 12.Nf1 Nd7 13.h3 Bh5 14.Ng3 Bg6 
15.Bg5 Qb8 16.Nh4 c6 17.Ngf5 Nf8 18.Be3 Ne6 19.Qg4 Bc7 20.Kh1 Qd8 21.f4 h5
22.Qf3 Bxf5 23.Nxf5 g6 24.Ng3 Rf8 25.Ne2 Nd4 26.Bxd4 cxd4 27.e5 Qd7 28.Ng3
f5 29.Ne2 Rad8 30.Qg3 Qe6 31.Ng1 Rd7 32.Nf3 Bd8 33.Qf2 c5 34.a4 b6 35.b4 
Be7 36.b5 a5 37.Nd2 Kf7 38.Nc4 Rc8 39.Qf3 Kg7 40.Re2 Rdc7 41.Rae1 Rb8 42.
Rg1 Rh8 43.g3 Kf7 44.Kg2 Kg7 45.Kf1 Rf8 46.Ke1 Kh7 47.Kd1 Bd8 48.Kc1 Be7 
49.Kb2 Bd8 50.g4 fxg4 51.hxg4 Bg5 52.gxh5 Rxf4 53.Qa8 Rg4 54.hxg6+ Kxg6 
55.Rxg4 Qxg4 56.Rg2 Qf4 57.Qe8+ Kh6 58.Rg1 Re7 59.Rh1+ Kg7 60.Qh8+ Kf7 61.
Rh7+ Kg6 62.Qg8+ Kf5 63.Rf7+ Rxf7 64.Qxf7+ Kg4 65.Qxf4+ Kxf4 66.Nxb6 Kxe5 
67.Nc4+ Kd5 68.Nxa5 1-0

[Event "30th ECh U20"]
[Site "Baku AZE"]
[Date "2002.07.??"]
[Round "9"]
[White "Guseinov, Gadir"]
[Black "Riazantsev, Alexander"]
[Result "0-1"]
[WhiteElo "2510"]
[BlackElo "2537"]
[EventDate "2002.07.14"]
[PlyCount "70"]

1.e4 c6 2.d4 d5 3.Nd2 dxe4 4.Nxe4 Bf5 5.Ng3 Bg6 6.h4 h6 7.Nf3 Nd7 8.h5 Bh7
9.Bd3 Bxd3 10.Qxd3 e6 11.Bd2 Ngf6 12.O-O-O Be7 13.Qe2 O-O 14.Rhe1 c5 15.
Nf5 cxd4 16.N3xd4 Bc5 17.Nxh6+ gxh6 18.Bxh6 Re8 19.Nb3 Bf8 20.Bxf8 Kxf8 
21.Qe3 Kg7 22.h6+ Kh8 23.Nc5 Re7 24.Nxd7 Nxd7 25.f4 Qg8 26.Qf3 Nf6 27.Qc3 
Qg6 28.g4 Kh7 29.g5 Ng8 30.Re5 Ree8 31.Qb4 Rac8 32.c3 Rc7 33.Qd4 Rec8 34.
Qe3 Ne7 35.Qxa7 Nc6 0-1

[Event "30th ECh U20"]
[Site "Baku AZE"]
[Date "2002.07.??"]
[Round "9"]
[White "Gaprindashvili, Valerian"]
[Black "Gashimov, Vugar"]
[Result "1/2-1/2"]
[WhiteElo "2471"]
[BlackElo "2470"]
[EventDate "2002.07.14"]
[PlyCount "170"]

1.d4 Nf6 2.c4 e6 3.Nc3 Bb4 4.e3 O-O 5.Bd3 d5 6.cxd5 exd5 7.Ne2 c5 8.O-O 
Nc6 9.a3 cxd4 10.exd4 Bd6 11.h3 Re8 12.Bg5 h6 13.Bh4 g5 14.Bg3 a6 15.Bc2 
Bf8 16.f3 b5 17.Bf2 Na5 18.Qd3 Nc4 19.Rab1 Bg7 20.Ng3 Ra7 21.Rfe1 Rxe1+ 
22.Bxe1 Re7 23.Bf2 Qc7 24.Nd1 Kf8 25.Ra1 h5 26.b3 h4 27.Ne2 Nd6 28.Qd2 Bh6
29.Bd3 Ng8 30.Qb4 Qd8 31.Ra2 Kg7 32.Ne3 a5 33.Qc3 Rc7 34.Qe1 Ne7 35.Ng4 
Bxg4 36.hxg4 Qc8 37.Qd1 f5 38.gxf5 Nexf5 39.Rc2 Kf7 40.Rc5 Rxc5 41.dxc5 
Nb7 42.Bxb5 Qe6 43.Nd4 Nxd4 44.Qxd4 Bg7 45.Qd2 Qf5 46.Bc6 Qb1+ 47.Qe1 
Qxe1+ 48.Bxe1 Nxc5 49.Bxd5+ Kg6 50.Bxa5 Bb2 51.Bb4 Nd7 52.Be7 Kf5 53.Kf2 
Nf6 54.Bc4 Nd7 55.a4 Ne5 56.Bc5 g4 57.fxg4+ Nxg4+ 58.Ke2 Bc3 59.Be7 Nf6 
60.Kd3 Be1 61.Bxf6 Kxf6 62.Bd5 Ke5 63.Kc4 Kd6 64.Bf3 Bd2 65.Kb5 Kc7 66.a5 
Be1 67.b4 Bd2 68.Kc5 Be1 69.Kc4 Bd2 70.Kb5 Be1 71.Ka4 Kd6 72.Bh5 Bd2 73.
Kb5 Kc7 74.Be8 Be1 75.Ka4 Kd6 76.b5 Kc5 77.b6 Bd2 78.b7 Bf4 79.Kb3 Bc7 80.
Ba4 Be5 81.Be8 Bc7 82.Bd7 Be5 83.Kc2 Kb4 84.a6 Bb8 85.Kd3 Ka5 1/2-1/2

[Event "30th ECh U20"]
[Site "Baku AZE"]
[Date "2002.07.??"]
[Round "9"]
[White "Gashimov, Sarkhan"]
[Black "Jakubowski, Krzysztof"]
[Result "0-1"]
[WhiteElo "2262"]
[BlackElo "2475"]
[EventDate "2002.07.14"]
[PlyCount "80"]

1.e4 c5 2.Nf3 d6 3.d4 cxd4 4.Qxd4 a6 5.c4 Nc6 6.Qd2 g6 7.b3 Bg7 8.Bb2 Bxb2
9.Qxb2 Nf6 10.Nc3 O-O 11.Be2 Bg4 12.O-O Bxf3 13.Bxf3 Nd4 14.Bd1 e5 15.f4 
b5 16.cxb5 axb5 17.b4 Rc8 18.Kh1 Rc4 19.f5 Kg7 20.Bb3 Rxb4 21.Rad1 Qa8 22.
Qf2 Nxb3 23.axb3 Nxe4 24.f6+ Kh8 25.Qh4 Nxc3 26.Qxb4 Nxd1 27.Rxd1 d5 28.
Qe7 e4 29.h3 Kg8 30.Qe5 h6 31.h4 Re8 32.Qf4 Qc6 33.Rf1 Kh7 34.h5 g5 35.Qe3
Qe6 36.Kg1 Kg8 37.Qc5 e3 38.Qxb5 e2 39.Re1 Qe3+ 40.Kh1 d4 0-1

[Event "30th ECh U20"]
[Site "Baku AZE"]
[Date "2002.07.??"]
[Round "9"]
[White "Tahirov, Farhad"]
[Black "Cernousek, Lukas"]
[Result "1/2-1/2"]
[WhiteElo "2363"]
[BlackElo "2294"]
[EventDate "2002.07.14"]
[PlyCount "63"]

1.d4 Nf6 2.Nf3 g6 3.g3 Bg7 4.Bg2 O-O 5.O-O d6 6.c4 c6 7.Nc3 Nbd7 8.Qc2 e5 
9.Rd1 Qe7 10.b3 Re8 11.e4 exd4 12.Nxd4 Nc5 13.f3 Bd7 14.Bf4 Nh5 15.Nf5 
Bxf5 16.Bxd6 Qf6 17.Bxc5 Qxc3 18.Qxc3 Bxc3 19.Rac1 Bxe4 20.Rxc3 Bf5 21.Be3
Ng7 22.Bg5 Re2 23.g4 Be6 24.Rcd3 h5 25.Rd8+ Rxd8 26.Rxd8+ Kh7 27.gxh5 Nxh5
28.Bd2 Bf5 29.f4 Ng7 30.Bf3 Re8 31.Rxe8 Nxe8 32.Be3 1/2-1/2

[Event "30th ECh U20"]
[Site "Baku AZE"]
[Date "2002.07.??"]
[Round "9"]
[White "Davidov, Samir"]
[Black "Aliev, Dzavid"]
[Result "1-0"]
[WhiteElo "2248"]
[BlackElo "2320"]
[EventDate "2002.07.14"]
[PlyCount "55"]

1.e4 Nf6 2.e5 Nd5 3.Nc3 Nxc3 4.bxc3 g6 5.d4 d6 6.f4 Bg7 7.Bd3 Nc6 8.Be3 
Be6 9.Nf3 Qd7 10.Rb1 Rb8 11.a3 O-O 12.O-O Na5 13.Qe2 Qc6 14.f5 Bd5 15.Bf4 
Qxc3 16.Ng5 Qxd4+ 17.Kh1 Nc6 18.c4 h6 19.cxd5 hxg5 20.dxc6 gxf4 21.fxg6 
Qxe5 22.gxf7+ Rxf7 23.Rxb7 Rxb7 24.cxb7 Rf8 25.Qg4 e6 26.Qh4 Qd4 27.Bh7+ 
Kf7 28.Rxf4+ 1-0

[Event "30th ECh U20"]
[Site "Baku AZE"]
[Date "2002.07.??"]
[Round "9"]
[White "Laciner, Kerem"]
[Black "Teterev, Vitaly"]
[Result "0-1"]
[WhiteElo "2220"]
[BlackElo "2342"]
[EventDate "2002.07.14"]
[PlyCount "128"]

1.d4 Nf6 2.c4 g6 3.Nf3 Bg7 4.g3 O-O 5.Bg2 d6 6.Nc3 Nc6 7.O-O a6 8.h3 Rb8 
9.Be3 Bf5 10.Rc1 Ne4 11.Nxe4 Bxe4 12.d5 Bxf3 13.exf3 Ne5 14.f4 Nd7 15.Qc2 
c6 16.dxc6 bxc6 17.b3 c5 18.f5 a5 19.fxg6 fxg6 20.Bd2 Qc7 21.Bc3 Bxc3 22.
Qxc3 Nf6 23.f4 e6 24.Rfe1 Kf7 25.Re3 Nh5 26.Rce1 Ng7 27.g4 Rbe8 28.Rd3 Rd8
29.Qd2 Rd7 30.Rd1 Rfd8 31.Kh1 Kg8 32.Be4 Qb6 33.Qg2 Rf7 34.f5 gxf5 35.gxf5
Kh8 36.fxe6 Nxe6 37.Bd5 Rg7 38.Rg3 Nf4 39.Qb2 Ng6 40.Rdg1 Rd7 41.Be6 Qb7+ 
42.Kh2 Re7 43.Qf6 Qe4 44.Bd5 Qe5 45.Rf1 Re8 46.Qxe5 dxe5 47.Rf6 Ra7 48.Rc6
a4 49.Rxc5 axb3 50.axb3 Nf4 51.Re3 Ra2+ 52.Kg3 Ne2+ 53.Kh4 Nd4 54.Be4 Ra7 
55.Rg3 Rf7 56.b4 Rf6 57.Rg4 h5 58.Rg5 Rf4+ 59.Kxh5 Rxe4 60.b5 Ne6 61.Rc6 
Nxg5 62.b6 Nf3 63.b7 Rh4+ 64.Kg6 Rg8+ 0-1

[Event "30th ECh U20"]
[Site "Baku AZE"]
[Date "2002.07.??"]
[Round "9"]
[White "Baladiaev, Gara"]
[Black "Krupenski, Juri"]
[Result "1/2-1/2"]
[WhiteElo "2210"]
[BlackElo "2240"]
[EventDate "2002.07.14"]
[PlyCount "102"]

1.Nf3 f5 2.g3 Nf6 3.Bg2 g6 4.O-O Bg7 5.d4 O-O 6.c4 d6 7.Nc3 c6 8.Rb1 a5 9.
Qc2 Ne4 10.a3 Nxc3 11.bxc3 e5 12.d5 h6 13.Rd1 c5 14.e4 f4 15.Ne1 Nd7 16.f3
h5 17.Nd3 g5 18.h4 a4 19.Bh3 g4 20.fxg4 Nf6 21.gxf4 hxg4 22.Bg2 Nh5 23.
fxe5 Qxh4 24.Rf1 Rxf1+ 25.Bxf1 Bxe5 26.Nxe5 dxe5 27.Qh2 Qxh2+ 28.Kxh2 Ra6 
29.Be3 Rg6 30.Bxc5 g3+ 31.Kh1 Nf4 32.Bg2 Rh6+ 33.Kg1 Rh2 34.Bf3 Nh3+ 35.
Kf1 Bg4 36.Bxg4 g2+ 37.Ke1 Rh1+ 38.Kd2 Rxb1 39.Bxh3 g1=Q 40.Bxg1 Rxg1 41.
Bd7 b6 42.Bxa4 Ra1 43.Bd7 Rxa3 44.Kc2 Ra1 45.Kb2 Re1 46.Bf5 Kf8 47.Kc2 Ke7
48.Kd2 Rg1 49.Bc8 Kd6 50.Ba6 Ke7 51.Bc8 Kd6 1/2-1/2

[Event "30th ECh U20"]
[Site "Baku AZE"]
[Date "2002.07.??"]
[Round "9"]
[White "Esen, Baris"]
[Black "Buckley, Simon"]
[Result "1/2-1/2"]
[WhiteElo "2189"]
[BlackElo "2237"]
[EventDate "2002.07.14"]
[PlyCount "30"]

1.Nf3 Nf6 2.c4 g6 3.Nc3 d5 4.cxd5 Nxd5 5.Qa4+ Bd7 6.Qh4 Nxc3 7.dxc3 Nc6 8.
e4 e5 9.Qg3 Bd6 10.h4 Qe7 11.Bh6 f6 12.Nd2 Be6 13.Bc4 O-O-O 14.O-O-O Rd7 
15.Bd5 Nd8 1/2-1/2

[Event "30th ECh U20"]
[Site "Baku AZE"]
[Date "2002.07.??"]
[Round "9"]
[White "Lotscher, Roland"]
[Black "Chkhaidze, Nikoloz"]
[Result "1-0"]
[WhiteElo "2288"]
[BlackElo "2138"]
[EventDate "2002.07.14"]
[PlyCount "61"]

1.d4 Nf6 2.c4 d6 3.Nf3 Nbd7 4.Nc3 e5 5.e4 Be7 6.Be2 O-O 7.O-O c6 8.Re1 a6 
9.Rb1 b5 10.b4 Qc7 11.Bg5 h6 12.Bh4 Re8 13.Bf1 exd4 14.Nxd4 Ne5 15.cxb5 
axb5 16.h3 Bd7 17.f4 Ng6 18.Bg3 Ra3 19.Rc1 Qb6 20.Kh2 c5 21.bxc5 dxc5 22.
Ndxb5 Bxb5 23.Nxb5 Rxg3 24.Kxg3 Nxe4+ 25.Rxe4 Bh4+ 26.Kf3 Qc6 27.Nd6 f5 
28.Bb5 fxe4+ 29.Ke3 Qa8 30.Bxe8 Qa3+ 31.Qb3+ 1-0

[Event "30th ECh U20"]
[Site "Baku AZE"]
[Date "2002.07.??"]
[Round "10"]
[White "Izoria, Zviad"]
[Black "Gaprindashvili, Valerian"]
[Result "1/2-1/2"]
[WhiteElo "2565"]
[BlackElo "2471"]
[EventDate "2002.07.14"]
[PlyCount "29"]

1.e4 c6 2.d4 d5 3.exd5 cxd5 4.c4 Nf6 5.Nc3 e6 6.Nf3 Bb4 7.Bd3 dxc4 8.Bxc4 
O-O 9.O-O b6 10.Bg5 Bb7 11.Qe2 Bxc3 12.bxc3 Nbd7 13.Bd3 Qc7 14.Rfc1 Rfe8 
15.Bh4 1/2-1/2

[Event "30th ECh U20"]
[Site "Baku AZE"]
[Date "2002.07.??"]
[Round "10"]
[White "Gashimov, Vugar"]
[Black "Jakubowski, Krzysztof"]
[Result "0-1"]
[WhiteElo "2470"]
[BlackElo "2475"]
[EventDate "2002.07.14"]
[PlyCount "92"]

1.e4 c5 2.Nf3 d6 3.d4 cxd4 4.Nxd4 Nf6 5.Nc3 a6 6.Be3 e5 7.Nb3 Be6 8.f3 Be7
9.Qd2 Nbd7 10.g4 b5 11.g5 b4 12.Nd5 Nxd5 13.exd5 Bf5 14.Rg1 O-O 15.Bd3 
Bxd3 16.Qxd3 f5 17.f4 a5 18.O-O-O a4 19.Nd2 Qc7 20.Kb1 g6 21.Rc1 Rfc8 22.
c3 bxc3 23.Rxc3 Qb7 24.Rgc1 Rxc3 25.Rxc3 exf4 26.Bxf4 Nc5 27.Qe2 Bf8 28.
Nc4 Ne4 29.Rc2 a3 30.b3 Re8 31.Qd3 Nc5 32.Qf3 Re4 33.Bc1 Qxd5 34.Nd2 Bg7 
35.Nxe4 fxe4 36.Qh3 Qd4 37.Re2 Qa1+ 38.Kc2 Qxa2+ 39.Kd1 Qb1 40.b4 Qxb4 41.
Qxa3 Qd4+ 42.Rd2 Nd3 43.Qa2+ d5 44.Qa8+ Bf8 45.Bb2 Nxb2+ 46.Kc2 Nd3 0-1

[Event "30th ECh U20"]
[Site "Baku AZE"]
[Date "2002.07.??"]
[Round "10"]
[White "Teterev, Vitaly"]
[Black "Guseinov, Gadir"]
[Result "1-0"]
[WhiteElo "2342"]
[BlackElo "2510"]
[EventDate "2002.07.14"]
[PlyCount "47"]

1.e4 c5 2.Nf3 e6 3.d3 Nc6 4.g3 g6 5.Bg2 Bg7 6.O-O Nge7 7.Re1 d6 8.c3 O-O 
9.d4 e5 10.dxc5 dxc5 11.Na3 Qc7 12.Be3 Rd8 13.Qe2 b6 14.Red1 a6 15.Rxd8+ 
Nxd8 16.Rd1 Bb7 17.Nc4 Ne6 18.Nd6 Bc6 19.Bh3 Nc8 20.Nxf7 Bb5 21.c4 Qxf7 
22.cxb5 h6 23.Qc4 Nd4 24.Rxd4 1-0

[Event "30th ECh U20"]
[Site "Baku AZE"]
[Date "2002.07.??"]
[Round "10"]
[White "Stellwagen, Daniel"]
[Black "Mamedov, Rauf"]
[Result "1/2-1/2"]
[WhiteElo "2464"]
[BlackElo "2358"]
[EventDate "2002.07.14"]
[PlyCount "141"]

1.e4 c5 2.Nf3 d6 3.d4 cxd4 4.Nxd4 Nf6 5.Nc3 g6 6.Be3 Bg7 7.f3 O-O 8.Qd2 
Nc6 9.Bc4 Bd7 10.O-O-O Rc8 11.Bb3 Nxd4 12.Bxd4 b5 13.Nd5 Nxd5 14.Bxg7 Kxg7
15.exd5 a5 16.a3 b4 17.axb4 axb4 18.Qxb4 Rb8 19.Qd4+ Kg8 20.Kd2 Qa5+ 21.
Ke2 Rfc8 22.Rd2 Bf5 23.Re1 Rb4 24.Qe3 h5 25.Kf2 Rb7 26.Ree2 h4 27.g4 hxg3+
28.hxg3 Qa1 29.g4 Bd7 30.Qd4 Bb5 31.Re1 Qa7 32.Kg3 Qxd4 33.Rxd4 g5 34.Rb4 
Rcb8 35.Rbe4 Re8 36.c4 Ba6 37.Ba4 Rd8 38.b3 Kf8 39.f4 gxf4+ 40.Rxf4 Kg7 
41.Rfe4 Rdb8 42.R1e3 Rb4 43.Rf4 R8b7 44.g5 Rc7 45.Be8 e5 46.dxe6 fxe6 47.
g6 Rb8 48.Rf7+ Rxf7 49.gxf7 e5 50.Kh4 Kf8 51.Rg3 Rxe8 52.fxe8=Q+ Kxe8 53.
Rg7 Kd8 54.Kg5 Bc8 55.Kf6 Bd7 56.Rg8+ Kc7 57.Ke7 Bf5 58.Rg2 Bd3 59.Ke6 Kc6
60.Rg8 Bc2 61.Rg3 Kc5 62.Rc3 Bb1 63.Rc1 Ba2 64.b4+ Kxb4 65.Kd5 e4 66.Kd4 
e3 67.Rc2 Bb3 68.Rb2 e2 69.Rxe2 Bxc4 70.Rb2+ Bb3 71.Kd3 1/2-1/2

[Event "30th ECh U20"]
[Site "Baku AZE"]
[Date "2002.07.??"]
[Round "10"]
[White "Mamedov, Nidjat"]
[Black "Kanep, Meelis"]
[Result "1-0"]
[WhiteElo "2463"]
[BlackElo "2358"]
[EventDate "2002.07.14"]
[PlyCount "59"]

1.e4 c5 2.Nf3 d6 3.d4 cxd4 4.Nxd4 Nf6 5.Nc3 a6 6.Be3 e5 7.Nb3 Be6 8.f3 
Nbd7 9.g4 Nb6 10.g5 Nfd7 11.Qd2 Rc8 12.O-O-O Be7 13.h4 O-O 14.Na5 Qc7 15.
Kb1 Nc5 16.Bh3 Rcd8 17.Nd5 Nxd5 18.exd5 Bxd5 19.Qxd5 Qxa5 20.h5 Qc7 21.h6 
g6 22.f4 Rfe8 23.f5 Bf8 24.Rhf1 gxf5 25.Rxf5 Ne6 26.Rdf1 Nf4 27.Bxf4 exf4 
28.g6 Re5 29.gxf7+ Kh8 30.Rg1 1-0

[Event "30th ECh U20"]
[Site "Baku AZE"]
[Date "2002.07.??"]
[Round "10"]
[White "Gozzoli, Yannick"]
[Black "Gashimov, Sarkhan"]
[Result "1/2-1/2"]
[WhiteElo "2373"]
[BlackElo "2262"]
[EventDate "2002.07.14"]
[PlyCount "29"]

1.Nf3 Nf6 2.c4 b6 3.g3 Bb7 4.Bg2 e5 5.Nc3 g6 6.O-O d6 7.d4 exd4 8.Nxd4 
Bxg2 9.Kxg2 Bg7 10.Nd5 Nxd5 11.cxd5 Qd7 12.Be3 c5 13.dxc6 Nxc6 14.Rc1 Ne5 
15.h3 1/2-1/2

[Event "30th ECh U20"]
[Site "Baku AZE"]
[Date "2002.07.??"]
[Round "10"]
[White "Aroshidze, Levan"]
[Black "Davidov, Samir"]
[Result "1-0"]
[WhiteElo "2345"]
[BlackElo "2248"]
[EventDate "2002.07.14"]
[PlyCount "79"]

1.e4 e5 2.Nf3 Nc6 3.Bb5 a6 4.Ba4 Nf6 5.O-O Be7 6.Re1 b5 7.Bb3 O-O 8.c3 d6 
9.h3 Na5 10.Bc2 c5 11.d4 cxd4 12.cxd4 Qc7 13.Nbd2 Bb7 14.d5 Rac8 15.Bd3 
Nd7 16.Nf1 f5 17.Ng3 f4 18.Nf5 Bf6 19.b3 g6 20.Nh6+ Kg7 21.Ng4 Be7 22.Bd2 
h5 23.Ngh2 Qb6 24.Qe2 b4 25.Reb1 Nc5 26.a3 Naxb3 27.axb4 Nxd3 28.Rxb3 Nc5 
29.Rbb1 Nd7 30.b5 axb5 31.Rxb5 Ra8 32.Rxa8 Rxa8 33.Rxb6 Ra1+ 34.Ne1 Nxb6 
35.Qb5 Bd8 36.Ba5 Ba6 37.Qxa6 Nd7 38.Qxd6 Bxa5 39.Qxd7+ Kh6 40.Nf3 1-0

[Event "30th ECh U20"]
[Site "Baku AZE"]
[Date "2002.07.??"]
[Round "10"]
[White "Tahirov, Farhad"]
[Black "Laciner, Kerem"]
[Result "0-1"]
[WhiteElo "2363"]
[BlackElo "2220"]
[EventDate "2002.07.14"]
[PlyCount "78"]

1.d4 Nf6 2.Nf3 g6 3.g3 Bg7 4.Bg2 O-O 5.O-O d5 6.Ne5 e6 7.Nd2 c5 8.dxc5 
Nfd7 9.Nd3 Na6 10.Nb3 Qe7 11.Be3 Nc7 12.c3 a5 13.a4 e5 14.Ne1 Nf6 15.c6 
bxc6 16.Bc5 Qd8 17.Bxf8 Bxf8 18.c4 Ne6 19.cxd5 cxd5 20.Nc2 Ba6 21.Ne3 d4 
22.Bxa8 Qxa8 23.Ng2 Ng5 24.h4 d3 25.exd3 Nf3+ 26.Kh1 Bb7 27.Rc1 Bd5 28.Ne3
Bxb3 29.Rc8 Qxc8 30.Qxf3 Bg7 31.Nc4 e4 32.Qf4 exd3 33.Ne3 d2 34.Qd4 Qh3+ 
35.Kg1 Ng4 36.Qd8+ Bf8 37.Nxg4 Qxf1+ 38.Kxf1 d1=Q+ 39.Qxd1 Bxd1 0-1

[Event "30th ECh U20"]
[Site "Baku AZE"]
[Date "2002.07.??"]
[Round "10"]
[White "Aliev, Dzavid"]
[Black "Krupenski, Juri"]
[Result "0-1"]
[WhiteElo "2320"]
[BlackElo "2240"]
[EventDate "2002.07.14"]
[PlyCount "48"]

1.e4 c5 2.Nf3 Nc6 3.d4 cxd4 4.Nxd4 e6 5.c4 Nf6 6.Nc3 d6 7.Be3 Be7 8.Be2 
O-O 9.Qd2 Bd7 10.Rd1 a6 11.f4 Nxd4 12.Qxd4 Bc6 13.Bf3 Qc7 14.O-O Rfd8 15.
Qb6 Qb8 16.Rd2 Nd7 17.Qa5 b5 18.Qb4 Nc5 19.cxb5 axb5 20.Rfd1 Rc8 21.Kh1 
Qb7 22.Rf1 Na6 23.Qb3 b4 24.Na4 Qb5 0-1

[Event "30th ECh U20"]
[Site "Baku AZE"]
[Date "2002.07.??"]
[Round "10"]
[White "Aliev, Chingiz"]
[Black "Baladiaev, Gara"]
[Result "1-0"]
[WhiteElo "2213"]
[BlackElo "2210"]
[EventDate "2002.07.14"]
[PlyCount "137"]

1.d4 Nf6 2.c4 g6 3.Nc3 Bg7 4.e4 d6 5.f4 O-O 6.Nf3 c5 7.d5 e6 8.Be2 exd5 9.
cxd5 Bg4 10.O-O Nbd7 11.h3 Bxf3 12.Bxf3 Re8 13.Re1 a6 14.a4 b6 15.Qd3 Qc7 
16.e5 dxe5 17.d6 Qd8 18.Bxa8 Qxa8 19.fxe5 Nxe5 20.Qd1 c4 21.Bg5 Nd3 22.
Rxe8+ Qxe8 23.Qf3 Nd7 24.Nd5 Bd4+ 25.Kh1 Qe5 26.Bh4 Qxd6 27.Ne7+ Kg7 28.
Rf1 Qe6 29.Qa8 Nf8 30.Qd8 Bxb2 31.Nd5 f5 32.Nc7 Qd7 33.Ne8+ Kf7 34.Nd6+ 
Kg8 35.Qxb6 Qxa4 36.Qc7 Nd7 37.Qd8+ Nf8 38.Qe7 Qd7 39.Nxc4 Qxe7 40.Bxe7 
Bd4 41.g4 Bc5 42.Bxf8 Bxf8 43.gxf5 gxf5 44.Rxf5 Nb4 45.Kg2 Kg7 46.Kf3 Be7 
47.Ke4 Nc2 48.Ne5 Bd6 49.Rg5+ Kf6 50.h4 Nb4 51.Ng4+ Kf7 52.Kf5 Nc6 53.Nh6+
Ke8 54.Rg8+ Bf8 55.Ke6 Ne7 56.Rh8 Ng6 57.Rxh7 Be7 58.Rg7 Nf8+ 59.Kd5 Bxh4 
60.Nf5 Bf6 61.Ra7 Bc3 62.Nd6+ Kd8 63.Ra8+ Kc7 64.Rxf8 Bb4 65.Rf7+ Kb6 66.
Rb7+ Ka5 67.Ne4 Be1 68.Kc4 Ka4 69.Rb1 1-0

[Event "30th ECh U20"]
[Site "Baku AZE"]
[Date "2002.07.??"]
[Round "10"]
[White "Chkhaidze, Nikoloz"]
[Black "Esen, Baris"]
[Result "1-0"]
[WhiteElo "2138"]
[BlackElo "2189"]
[EventDate "2002.07.14"]
[PlyCount "71"]

1.e4 c5 2.Nf3 d6 3.d4 cxd4 4.Nxd4 Nf6 5.Nc3 a6 6.Be3 e6 7.f3 b5 8.g4 h6 9.
Qd2 Nbd7 10.O-O-O Bb7 11.h4 b4 12.Na4 Qa5 13.b3 Nc5 14.a3 Nxa4 15.axb4 Qc7
16.bxa4 d5 17.e5 Nd7 18.f4 Nb6 19.Rh3 Nxa4 20.Bf2 Bc8 21.f5 Rb8 22.Rb3 Nb6
23.fxe6 fxe6 24.Qd3 Kf7 25.g5 hxg5 26.Bh3 Nc4 27.Qf3+ Ke8 28.Nxe6 Bxe6 29.
Bxe6 Rxb4 30.Qxd5 Nxe5 31.Qa8+ Ke7 32.Rxb4 Kxe6 33.Qxa6+ Kf5 34.Rb3 Be7 
35.Rf1 Qc4 36.Bc5+ 1-0

[Event "30th ECh U20"]
[Site "Baku AZE"]
[Date "2002.07.??"]
[Round "11"]
[White "Gasanov, Eldar"]
[Black "Izoria, Zviad"]
[Result "0-1"]
[WhiteElo "2471"]
[BlackElo "2565"]
[EventDate "2002.07.14"]
[PlyCount "90"]

1.e4 e6 2.d4 d5 3.Nd2 c5 4.Ngf3 Nf6 5.e5 Nfd7 6.c3 Nc6 7.Bd3 Be7 8.O-O g5 
9.dxc5 g4 10.Nd4 Ndxe5 11.N2b3 Nxd3 12.Qxd3 e5 13.Nxc6 bxc6 14.Bh6 f6 15.
f4 gxf3 16.Qxf3 Rg8 17.Qh5+ Rg6 18.Be3 Qd7 19.h3 Bd8 20.Rae1 Qf7 21.Kh1 
Be6 22.Bf4 Rg7 23.Qe2 Qg6 24.Nd4 Bd7 25.Bh2 Be7 26.Nb3 a5 27.Bg1 Bf5 28.
Qd2 Be4 29.Rf2 a4 30.Nc1 Bxc5 31.Rfe2 Bxg1 32.Kxg1 Ke7 33.c4 Rag8 34.Qb4+ 
Ke6 35.Qxa4 d4 36.g4 Qxg4+ 37.hxg4 Rxg4+ 38.Rg2 Rxg2+ 39.Kf1 Rg1+ 40.Ke2 
R8g2+ 41.Kd1 Bf3+ 42.Ne2 Bxe2+ 43.Kc2 Bxc4+ 44.Kd1 Be2+ 45.Kc2 Bb5+ 0-1

[Event "30th ECh U20"]
[Site "Baku AZE"]
[Date "2002.07.??"]
[Round "11"]
[White "Jakubowski, Krzysztof"]
[Black "Riazantsev, Alexander"]
[Result "1/2-1/2"]
[WhiteElo "2475"]
[BlackElo "2537"]
[EventDate "2002.07.14"]
[PlyCount "105"]

1.e4 c6 2.d4 g6 3.Nc3 d5 4.e5 Bg7 5.f4 h5 6.Nf3 Bg4 7.h3 Bxf3 8.Qxf3 Qb6 
9.Bd2 Qxd4 10.O-O-O e6 11.g4 Nd7 12.Be1 Qb6 13.Bh4 Bf8 14.Kb1 Be7 15.Bf2 
Qc7 16.Rg1 Bc5 17.Bxc5 Nxc5 18.gxh5 gxh5 19.Qf2 Qe7 20.f5 O-O-O 21.f6 Qf8 
22.Be2 Kb8 23.Rg7 h4 24.Qf4 Nd7 25.a3 Ka8 26.Bd3 Re8 27.Bh7 Ne7 28.Rdg1 
Nf5 29.R1g4 a6 30.Bxf5 exf5 31.Rxh4 Rxh4 32.Qxh4 Nxe5 33.Qf4 Qc5 34.Qxf5 
Nc4 35.Ka2 Nd6 36.Qd3 d4 37.Na4 Qd5+ 38.b3 Ka7 39.Rg3 b5 40.Rg5 Re5 41.
Rxe5 Qxe5 42.Nb2 Qxf6 43.Qg3 c5 44.h4 Kb6 45.h5 Qe6 46.Qf4 Ne4 47.Nd3 c4 
48.Qb8+ Kc6 49.Qa8+ Kc7 50.Qa7+ Kc8 51.Qa8+ Kc7 52.Qa7+ Kc8 53.Qa8+ 
1/2-1/2

[Event "30th ECh U20"]
[Site "Baku AZE"]
[Date "2002.07.??"]
[Round "11"]
[White "Guseinov, Gadir"]
[Black "Stellwagen, Daniel"]
[Result "1-0"]
[WhiteElo "2510"]
[BlackElo "2464"]
[EventDate "2002.07.14"]
[PlyCount "77"]

1.e4 e6 2.Nc3 d5 3.Nf3 Nf6 4.e5 Nfd7 5.d4 c5 6.dxc5 Nc6 7.Bf4 Bxc5 8.Bd3 
f6 9.exf6 Qxf6 10.Bg3 O-O 11.O-O Nd4 12.Nxd4 Bxd4 13.Qe2 Nc5 14.Nb5 Bxb2 
15.Rab1 Bd7 16.Nc7 Rac8 17.Bd6 Rf7 18.Bxc5 Rxc7 19.Bxa7 Rf8 20.Bb6 Rcc8 
21.Be3 Rc7 22.Bb6 Rcc8 23.Qg4 Rf7 24.Be3 e5 25.Qb4 Bc3 26.Qxb7 e4 27.Be2 
d4 28.Bc1 Qg6 29.Rb6 Qf5 30.Qa6 Kh8 31.Bb5 Re8 32.Bc4 Rff8 33.Rd6 Be1 34.
Bb2 Bxf2+ 35.Kh1 Bc8 36.Qa7 Qe5 37.Rd5 Qe7 38.Qxe7 Rxe7 39.Rxf2 1-0

[Event "30th ECh U20"]
[Site "Baku AZE"]
[Date "2002.07.??"]
[Round "11"]
[White "Werle, Jan"]
[Black "Mamedov, Nidjat"]
[Result "1-0"]
[WhiteElo "2443"]
[BlackElo "2463"]
[EventDate "2002.07.14"]
[PlyCount "89"]

1.Nf3 Nf6 2.c4 b6 3.g3 Bb7 4.Bg2 e6 5.O-O Be7 6.Nc3 O-O 7.Re1 Ne4 8.Nxe4 
Bxe4 9.d3 Bb7 10.e4 d6 11.d4 Nd7 12.d5 Bf6 13.Nd4 e5 14.Nf5 g6 15.Nh6+ Kh8
16.h4 Bc8 17.Be3 Bg7 18.Qc2 a5 19.h5 Nf6 20.Bg5 Qe8 21.Bf3 Qd7 22.Qd2 Ng8 
23.Bg4 f5 24.Nxg8 fxg4 25.Ne7 Rf7 26.Nxc8 Rxc8 27.hxg6 hxg6 28.Kg2 Rcf8 
29.Rh1+ Kg8 30.Be3 Rf3 31.Rh4 Bf6 32.Rh6 Qf7 33.Rah1 Bg7 34.R6h4 Qd7 35.b3
Kf7 36.Rh7 Ke8 37.Kg1 R8f7 38.R1h4 Kd8 39.Rxg7 Rxg7 40.Rh8+ Ke7 41.Bg5+ 
Rf6 42.Bxf6+ Kxf6 43.Qh6 Kf7 44.Qg5 Qe7 45.Qxg4 1-0

[Event "30th ECh U20"]
[Site "Baku AZE"]
[Date "2002.07.??"]
[Round "11"]
[White "Mastrovasilis, Dimitrios"]
[Black "Lotscher, Roland"]
[Result "1/2-1/2"]
[WhiteElo "2462"]
[BlackElo "2288"]
[EventDate "2002.07.14"]
[PlyCount "81"]

1.e4 c5 2.b3 Nc6 3.Bb2 e5 4.Bb5 d6 5.Bxc6+ bxc6 6.Ne2 Nf6 7.d3 Be7 8.O-O 
O-O 9.Nd2 Nh5 10.f4 exf4 11.Nxf4 Nxf4 12.Rxf4 Bg5 13.Rf1 Qe7 14.Nf3 Be3+ 
15.Kh1 f5 16.Qe1 f4 17.Bc1 Bxc1 18.Rxc1 Bg4 19.Qc3 Bxf3 20.gxf3 Qe5 21.
Qxe5 dxe5 22.Rg1 Kf7 23.Rg5 Rae8 24.Rcg1 g6 25.h4 Rg8 26.Kg2 h6 27.Rg4 g5 
28.Kh3 gxh4 29.Kxh4 Rxg4+ 30.Rxg4 Re6 31.Kh5 a5 32.Rg2 Rf6 33.Rg1 Re6 34.
Rg4 Rf6 35.a3 Rd6 36.Rg2 Rf6 37.Rg1 Re6 38.Rg4 Rd6 39.Rg1 Re6 40.Rg2 Rf6 
41.Rg1 1/2-1/2

[Event "30th ECh U20"]
[Site "Baku AZE"]
[Date "2002.07.??"]
[Round "11"]
[White "Gashimov, Sarkhan"]
[Black "Aroshidze, Levan"]
[Result "1-0"]
[WhiteElo "2262"]
[BlackElo "2345"]
[EventDate "2002.07.14"]
[PlyCount "121"]

1.Nf3 c5 2.b3 d6 3.c4 e5 4.Nc3 f5 5.d3 Nf6 6.g3 g6 7.Bg5 h6 8.Bxf6 Qxf6 9.
Nd5 Qf7 10.Bg2 Bg7 11.O-O O-O 12.Nd2 Nc6 13.Rb1 Be6 14.b4 Qd7 15.Qa4 Kh7 
16.bxc5 dxc5 17.Qb5 Nd4 18.Qxb7 Nxe2+ 19.Kh1 Qxb7 20.Rxb7 Bxd5 21.cxd5 
Rfd8 22.Nc4 Nc3 23.d6 e4 24.Re1 Rab8 25.Rxb8 Rxb8 26.dxe4 fxe4 27.Bxe4 
Nxa2 28.d7 Nb4 29.Bxg6+ Kxg6 30.Re8 Nc6 31.Rxb8 Bf6 32.Rc8 Nd8 33.Rxc5 Kf7
34.Ra5 Bd4 35.f4 Ke7 36.Ra6 Bc5 37.Ne5 Bb6 38.Kg2 Nb7 39.Nc6+ Kxd7 40.Nxa7
Kc7 41.Nb5+ Kc6 42.Nd4+ Kc5 43.Nf5 h5 44.h4 Nd8 45.Ng7 Kb5 46.Rxb6+ Kxb6 
47.Nxh5 Kc6 48.g4 Kd6 49.Kf3 Ke6 50.Ke4 Nb7 51.f5+ Kd6 52.Kf4 Nc5 53.Kg5 
Ke7 54.Kg6 Nd3 55.f6+ Kf8 56.g5 Ne5+ 57.Kf5 Nf3 58.Nf4 Nd4+ 59.Kg6 Kg8 60.
f7+ Kf8 61.Kf6 1-0

[Event "30th ECh U20"]
[Site "Baku AZE"]
[Date "2002.07.??"]
[Round "11"]
[White "Mamedov, Rauf"]
[Black "Buckley, Simon"]
[Result "1/2-1/2"]
[WhiteElo "2358"]
[BlackElo "2237"]
[EventDate "2002.07.14"]
[PlyCount "38"]

1.e4 e6 2.d4 d5 3.Nd2 Nf6 4.e5 Nfd7 5.Bd3 c5 6.c3 Nc6 7.Ne2 cxd4 8.cxd4 
Qb6 9.Nf3 f6 10.exf6 Nxf6 11.O-O Bd6 12.Nc3 O-O 13.Bg5 Bd7 14.Rc1 Qxb2 15.
Nb5 Ne4 16.Rb1 Qxa2 17.Ra1 Qb2 18.Rb1 Qa2 19.Ra1 Qb2 1/2-1/2